| 000 | 00838 a2200229 4500 | ||
|---|---|---|---|
| 005 | 20140903175009.0 | ||
| 008 | 131115s2011 mx gr 001 fdspa d | ||
| 020 | _a9786071111715 | ||
| 040 |
_aCO-BoUCM _bspa _cJavier Garzón _dHenry Ríos |
||
| 041 | 0 | 0 | _aspa |
| 100 | 1 |
_aFuentes Macias, Carlos _d1928-2012 _950525 |
|
| 245 | 1 | 3 |
_aLa gran novela latinoamericana _cCarlos Fuentes Macias |
| 260 |
_aMéxico D.F. (México) _bAlfaguara _c2011 |
||
| 300 | _a439 páginas | ||
| 500 | _aIncluye índice | ||
| 650 | 7 |
_aEnsayos mexicanos _914575 |
|
| 650 | 7 |
_aLiteratura latinoamericana _xCrítica e interpretación _950816 |
|
| 650 | 7 |
_aNovela _zAmérica Latina _xCrítica e interpretación _950817 |
|
| 690 |
_942866 _aLiteratura latinoamericana |
||
| 942 |
_a18 _cLIBRO _e1 _kM _mF954g _2DEWEY _h864.44 |
||
| 999 |
_c183569 _d183569 |
||